000 01024cam a22003135a 4500
001 012936872
003 EG-ScBUE
005 20220427134649.0
008 040609r20092003enka f bd 001 0 eng d
020 _a019927634X
020 _a9780199276349
040 _aStDuBDS
_beng
_erda
_cStDuBDS
_dUk
_dEG-ScBUE
082 0 4 _a410.285
_222
_bOXF
245 0 4 _aThe Oxford handbook of computational linguistics /
_cedited by Ruslan Mitkov.
250 _aReprint edition.
264 1 _aOxford :
_bOxford University Press,
_c2009.
300 _axx, 786 pages :
_billustrations ;
_c25 cm
336 _2rdacontent
_atext
_btxt
337 _2rdamedia
_aunmediated
_bn
338 _2rdacarrier
_avolume
_bnc
500 _aIncludes glossary.
504 _aIncludes bibliographical references and index.
650 7 _aComputational linguistics
_vHandbooks, manuals, etc.
_2BUEsh
651 _2BUEsh
653 _bHHUUEENN
_cNovember2016
655 _vReading book
_934232
700 1 _aMitkov, Ruslan,
_eedirtor.
942 _2ddc
_cBB
999 _c23028
_d23000